000
00300nam a2200121Ia 4500
008
190216s9999||||xx |||||||||||||| ||und||
100
_a
Gupta R R & Gupta V S
245
0
_a
Income Tax Law And Practice
260
_b
Nm Thripathi Pvt Ltd
_c
1979
300
_a
505p
650
_a
Commerce
942
_c
BK
999
_c
4549
_d
4549